[Event "Beersheba"]
[Site "Beersheba"]
[Date "1984.??.??"]
[Round "6"]
[White "Kudrin, Sergey"]
[Black "Kortschnoj, Viktor Lvovich"]
[Result "0-1"]
[WhiteElo "2520"]
[BlackElo "2635"]
[PlyCount "50"]
[EventDate "1984.??.??"]
[EventType "tourn"]
[EventRounds "13"]
[EventCountry "ISR"]
[EventCategory "9"]
[SourceTitle "MCL"]
[Source "ChessBase"]
[SourceDate "1999.07.01"]
[SourceVersion "1"]
[SourceVersionDate "1999.07.01"]
[SourceQuality "1"]

1. e4 e6 2. d4 d5 3. Nd2 Nf6 4. e5 Nfd7 5. c3 c5 6. Bd3 Nc6 7. Ne2 cxd4 8. cxd4
f6 9. exf6 Nxf6 10. Nf3 Bd6 11. O-O Qc7 12. Nc3 a6 13. Bg5 O-O 14. Bh4 Nh5 15.
Re1 g6 16. Rc1 Qg7 17. Bb1 Bd7 18. Bg3 Nxg3 19. hxg3 g5 20. Qd3 Rf7 21. Rcd1
Raf8 22. Rd2 Kh8 23. Nd1 Bc7 24. Qe3 Rxf3 25. gxf3 Bf4 0-1

[Event "Beersheba"]
[Site "Beersheba"]
[Date "1984.??.??"]
[Round "7"]
[White "Kortschnoj, Viktor Lvovich"]
[Black "Mestel, A Jonathan"]
[Result "1-0"]
[WhiteElo "2635"]
[BlackElo "2540"]
[PlyCount "85"]
[EventDate "1984.??.??"]
[EventType "tourn"]
[EventRounds "13"]
[EventCountry "ISR"]
[EventCategory "9"]
[SourceTitle "MCL"]
[Source "ChessBase"]
[SourceDate "1999.07.01"]
[SourceVersion "1"]
[SourceVersionDate "1999.07.01"]
[SourceQuality "1"]

1. d4 Nf6 2. c4 g6 3. Nc3 Bg7 4. e4 d6 5. Be2 O-O 6. Nf3 Nbd7 7. O-O e5 8. Be3
c6 9. Qc2 Qe7 10. d5 Ng4 11. Bg5 f6 12. Bd2 f5 13. exf5 gxf5 14. Ng5 Ndf6 15.
f3 Nh6 16. Bd3 Bd7 17. Rae1 Kh8 18. Kh1 Nfg8 19. f4 e4 20. Ncxe4 fxe4 21. Bxe4
cxd5 22. Bxd5 Bf5 23. Rxe7 Bxc2 24. Rxb7 Rab8 25. Rxg7 Kxg7 26. Ne6+ Kg6 27.
Nxf8+ Rxf8 28. Rf3 Nf6 29. Rg3+ Nhg4 30. h3 h5 31. hxg4 hxg4 32. Bc3 Nxd5 33.
Rxg4+ Kf5 34. Rg5+ Kxf4 35. Rxd5 Be4 36. Rxd6 Rg8 37. Rd2 Ke3 38. Kg1 Rf8 39.
Rd7 a6 40. c5 Rf5 41. b4 Bd5 42. a3 Rh5 43. Bf6 1-0

[Event "Beersheba"]
[Site "Beersheba"]
[Date "1984.??.??"]
[Round "12"]
[White "Gurevich, Dmitry"]
[Black "Kortschnoj, Viktor Lvovich"]
[Result "0-1"]
[WhiteElo "2545"]
[BlackElo "2635"]
[PlyCount "80"]
[EventDate "1984.??.??"]
[EventType "tourn"]
[EventRounds "13"]
[EventCountry "ISR"]
[EventCategory "9"]
[SourceTitle "MCL"]
[Source "ChessBase"]
[SourceDate "1999.07.01"]
[SourceVersion "1"]
[SourceVersionDate "1999.07.01"]
[SourceQuality "1"]

1. d4 Nf6 2. c4 e6 3. Nf3 b6 4. a3 Bb7 5. Nc3 d5 6. cxd5 exd5 7. Bf4 Bd6 8. Bg3
a6 9. e3 Qe7 10. Bd3 Nbd7 11. O-O Bxg3 12. hxg3 O-O 13. b4 Ne4 14. Qb3 Ndf6 15.
Rfe1 Ng4 16. Ra2 Rad8 17. Nh2 Nxh2 18. Kxh2 Rd6 19. Rc2 f5 20. Rh1 Kh8 21. Bxe4
fxe4 22. Kg1 Qf7 23. a4 Rf6 24. Qa2 c6 25. a5 b5 26. Qb2 Bc8 27. Na2 g5 28. Nc1
Bg4 29. Rd2 Kg8 30. Nb3 Rd8 31. Qc3 Rdd6 32. Kf1 Rh6 33. Rg1 Rh2 34. Qc5 Rdh6
35. Qb6 Qf8 36. Qc7 Rxg2 37. Qe5 Rxg1+ 38. Kxg1 Bf3 39. Qxg5+ Kh8 40. Qe5+ Qf6
0-1

[Event "EU-Cup 04th quarterfinal"]
[Site "Rotterdam"]
[Date "1984.??.??"]
[Round "3.2"]
[White "Miles, Anthony John"]
[Black "Kortschnoj, Viktor Lvovich"]
[Result "0-1"]
[WhiteElo "2610"]
[BlackElo "2635"]
[PlyCount "64"]
[EventDate "1984.??.??"]
[EventType "team-match"]
[EventRounds "2"]
[EventCountry "NED"]
[SourceTitle "EXT 2020"]
[Source "ChessBase"]
[SourceDate "2019.10.17"]
[SourceVersion "1"]
[SourceVersionDate "2019.10.17"]
[SourceQuality "1"]
[WhiteTeam "Porz"]
[BlackTeam "Rotterdam Volmac"]
[WhiteTeamCountry "GER"]
[BlackTeamCountry "NED"]

1. c4 Nf6 2. Nc3 e6 3. Nf3 Bb4 4. g3 O-O 5. Bg2 d5 6. O-O dxc4 7. Qa4 a5 8. Qb5
b6 9. Qxc4 Ba6 10. Qh4 Bxc3 11. dxc3 Bxe2 12. Re1 Bxf3 13. Bxf3 Ra7 14. Bg5 c5
15. Rad1 Rd7 16. Kg2 Qe7 17. Qa4 Rxd1 18. Rxd1 Rd8 19. Bxf6 gxf6 20. Qg4+ Kh8
21. Qh4 Nd7 22. Re1 Nf8 23. Qc4 Ng6 24. Qb5 Qc7 25. Kg1 Kg7 26. Bg2 Rd2 27. h3
f5 28. Bf3 f4 29. g4 Qd8 30. Re2 Rd1+ 31. Kh2 Nh4 32. Qc6 Qd3 0-1

[Event "Liechtenstein op"]
[Site "Liechtenstein"]
[Date "1984.??.??"]
[Round "?"]
[White "Kortschnoj, Viktor Lvovich"]
[Black "Franco Ocampos, Zenon"]
[Result "1-0"]
[WhiteElo "2635"]
[BlackElo "2480"]
[PlyCount "81"]
[EventDate "1984.??.??"]
[EventType "swiss"]
[EventRounds "9"]
[EventCountry "LIE"]
[SourceTitle "EXT 2010"]
[Source "ChessBase"]
[SourceDate "2010.11.25"]
[SourceVersion "1"]
[SourceVersionDate "2010.11.25"]
[SourceQuality "1"]

1. d4 Nf6 2. c4 e6 3. Nf3 c5 4. d5 exd5 5. cxd5 d6 6. Nc3 g6 7. Bf4 a6 8. e4 b5
9. Qe2 Nh5 10. Bg5 Be7 11. Bh6 Bf8 12. Qe3 Bxh6 13. Qxh6 Nd7 14. g4 Nhf6 15. h3
Bb7 16. Bd3 Qb6 17. O-O Ne5 18. Nxe5 dxe5 19. Be2 Nd7 20. a4 b4 21. a5 Qd6 22.
Na4 O-O-O 23. Nb6+ Kb8 24. Rfc1 f5 25. Nc4 Qf6 26. f3 Rhf8 27. Rf1 Qe7 28. Rac1
Rf7 29. gxf5 Rf6 30. Ne3 Rg8 31. Kh2 Qf7 32. Ng4 Rd6 33. f4 Qe7 34. fxe5 Nxe5
35. Qf4 Nxg4+ 36. Bxg4 gxf5 37. Bxf5 Ka8 38. Rg1 Rf8 39. Rxc5 Rd7 40. Rc2 b3
41. Rcg2 1-0

[Event "Meudon Open-01"]
[Site "Meudon"]
[Date "1984.??.??"]
[Round "1"]
[White "Prie, Eric"]
[Black "Kortschnoj, Viktor Lvovich"]
[Result "0-1"]
[WhiteElo "2355"]
[BlackElo "2635"]
[PlyCount "70"]
[EventDate "1984.??.??"]
[EventType "swiss"]
[EventRounds "9"]
[EventCountry "FRA"]
[SourceTitle "EXT 2004"]
[Source "ChessBase"]
[SourceDate "2003.11.25"]
[SourceVersion "1"]
[SourceVersionDate "2003.11.25"]
[SourceQuality "1"]

1. Nf3 Nf6 2. c4 e6 3. d4 Bb4+ 4. Nbd2 c5 5. a3 Bxd2+ 6. Qxd2 cxd4 7. Qxd4 Nc6
8. Qh4 O-O 9. Bg5 Qa5+ 10. Bd2 Qf5 11. e3 Qc2 12. Bc1 Ne4 13. Be2 Nc3 14. Nd2
Nxe2 15. Kxe2 d5 16. cxd5 exd5 17. Re1 b6 18. f4 Re8 19. Kf1 Qd3+ 20. Kf2 Ba6
21. Nf3 d4 22. Bd2 dxe3+ 23. Bxe3 Qc2+ 24. Kg1 Qxb2 25. Qf2 Qf6 26. Rad1 h6 27.
Bc1 Rad8 28. Rxd8 Rxd8 29. h3 Bb7 30. Kh2 Na5 31. Ne5 Nb3 32. Be3 Qd6 33. Qc2
Qd5 34. Qb2 Nd2 35. Re2 Nf1+ 0-1

[Event "Meudon Open-01"]
[Site "Meudon"]
[Date "1984.??.??"]
[Round "7"]
[White "Zapata, Alonso"]
[Black "Kortschnoj, Viktor Lvovich"]
[Result "0-1"]
[WhiteElo "2470"]
[BlackElo "2635"]
[PlyCount "178"]
[EventDate "1984.??.??"]
[EventType "swiss"]
[EventRounds "9"]
[EventCountry "FRA"]
[SourceTitle "EXT 2004"]
[Source "ChessBase"]
[SourceDate "2003.11.25"]
[SourceVersion "1"]
[SourceVersionDate "2003.11.25"]
[SourceQuality "1"]

1. e4 c6 2. d4 d5 3. Nc3 dxe4 4. Nxe4 Nd7 5. Nf3 Ngf6 6. Ng3 e6 7. Bd3 c5 8. c3
Be7 9. O-O O-O 10. Qe2 b6 11. Re1 Bb7 12. Bg5 Bxf3 13. Qxf3 cxd4 14. Rad1 Rc8
15. cxd4 Nd5 16. Qe4 N7f6 17. Qh4 Re8 18. Re5 g6 19. Rde1 Nb4 20. Bb5 Nc6 21.
Bxc6 Rxc6 22. d5 Nxd5 23. Rxd5 exd5 24. Rxe7 Rc4 25. f4 Rxe7 26. Bxe7 Qc7 27.
h3 Qxf4 28. Qxf4 Rxf4 29. Bg5 Ra4 30. a3 f5 31. Ne2 d4 32. Kf2 Rc4 33. Bf6 d3
34. Nc3 Rf4+ 35. Ke1 Kf7 36. Bg5 Rd4 37. Kd2 f4 38. Nd1 Ke6 39. Bh4 Kf5 40. Be1
g5 41. Kc3 Rd7 42. Bd2 h5 43. Nf2 Re7 44. Kxd3 g4 45. hxg4+ hxg4 46. Kc3 Re2
47. Nd3 f3 48. gxf3 gxf3 49. Bh6 f2 50. Nxf2 Rxf2 51. Bg7 Rg2 52. Bh8 Rg8 53.
Bd4 Ke4 54. Bf6 Rf8 55. Bg7 Rf7 56. Bh8 Rc7+ 57. Kd2 Rh7 58. Bf6 Rf7 59. Bh8
Rf2+ 60. Kc3 Kd5 61. b3 b5 62. Bg7 a5 63. Kd3 Rf3+ 64. Kc2 a4 65. bxa4 bxa4 66.
Bc3 Kc4 67. Bb4 Rf2+ 68. Kc1 Kb3 69. Bd6 Rc2+ 70. Kd1 Rc8 71. Be7 Kb2 72. Kd2
Re8 73. Bc5 Rd8+ 74. Ke3 Kc3 75. Bb4+ Kc4 76. Ke2 Rd3 77. Bf8 Kc3 78. Bc5 Kc2
79. Bb4 Rd4 80. Bc5 Re4+ 81. Kf3 Kd3 82. Kf2 Re2+ 83. Kf1 Kd2 84. Bb4+ Kd1 85.
Bd6 Re6 86. Bc5 Rf6+ 87. Kg2 Kc2 88. Kg3 Kb3 89. Kg4 Rf1 0-1

[Event "EU-Cup 04th round of 16"]
[Site "Belgrade"]
[Date "1984.??.??"]
[Round "2.1"]
[White "Matulovic, Milan"]
[Black "Kortschnoj, Viktor Lvovich"]
[Result "0-1"]
[WhiteElo "2465"]
[BlackElo "2635"]
[PlyCount "90"]
[EventDate "1984.01.07"]
[EventType "team-match"]
[EventRounds "2"]
[EventCountry "YUG"]
[SourceTitle "EXT 2020"]
[Source "ChessBase"]
[SourceDate "2019.10.17"]
[SourceVersion "1"]
[SourceVersionDate "2019.10.17"]
[SourceQuality "1"]
[WhiteTeam "Belgrade Partizan"]
[BlackTeam "Rotterdam Volmac"]
[WhiteTeamCountry "YUG"]
[BlackTeamCountry "NED"]

1. e4 c5 2. Nf3 d6 3. d4 cxd4 4. Nxd4 Nf6 5. Nc3 Nc6 6. Bg5 e6 7. Qd2 Be7 8.
O-O-O O-O 9. f4 h6 10. Bh4 e5 11. Nxc6 bxc6 12. fxe5 dxe5 13. Qxd8 Rxd8 14.
Rxd8+ Bxd8 15. Bc4 Kf8 16. Rd1 Ke7 17. Bxf6+ gxf6 18. Ne2 Be6 19. b3 Bb6 20.
Rd3 Rg8 21. Rg3 Bxc4 22. bxc4 Rg6 23. Kd2 Kd6 24. Kd3 Kc5 25. c3 Bd8 26. Rxg6
fxg6 27. g4 Kd6 28. Ng1 Ke6 29. Nf3 f5 30. gxf5+ gxf5 31. Nd2 Kf6 32. Nf3 Ba5
33. Nh4 fxe4+ 34. Kxe4 Bxc3 35. Nf5 h5 36. Ng3 Kg5 37. Kf3 Kh4 38. Ne4 Bb4 39.
Ng3 Be1 40. Ne4 Kh3 41. Ke2 Bh4 42. Nd2 Bg5 43. Nb3 Kxh2 44. Na5 Kg2 45. Nxc6
Bf4 0-1

[Event "EU-Cup 04th round of 16"]
[Site "Belgrade"]
[Date "1984.??.??"]
[Round "2.2"]
[White "Kortschnoj, Viktor Lvovich"]
[Black "Matulovic, Milan"]
[Result "1-0"]
[WhiteElo "2635"]
[BlackElo "2465"]
[PlyCount "31"]
[EventDate "1984.01.07"]
[EventType "team-match"]
[EventRounds "2"]
[EventCountry "YUG"]
[SourceTitle "EXT 2020"]
[Source "ChessBase"]
[SourceDate "2019.10.17"]
[SourceVersion "1"]
[SourceVersionDate "2019.10.17"]
[SourceQuality "1"]
[WhiteTeam "Rotterdam Volmac"]
[BlackTeam "Belgrade Partizan"]
[WhiteTeamCountry "NED"]
[BlackTeamCountry "YUG"]

{(...)} 1. d4 d5 2. c4 dxc4 3. e3 e5 4. Bxc4 exd4 5. exd4 Bb4+ 6. Nc3 Nf6 7.
Nf3 O-O 8. O-O Bg4 9. a3 Bxc3 10. bxc3 c5 11. h3 Bxf3 12. Qxf3 cxd4 13. Qxb7
Nbd7 14. cxd4 Nb6 15. Ba2 Qxd4 16. Be3 1-0

[Event "Hoogovens"]
[Site "Wijk aan Zee"]
[Date "1984.01.14"]
[Round "2"]
[White "Kortschnoj, Viktor Lvovich"]
[Black "Van der Wiel, John"]
[Result "1-0"]
[WhiteElo "2635"]
[BlackElo "2515"]
[Annotator "Bulletin"]
[PlyCount "97"]
[EventDate "1984.01.13"]
[EventType "tourn"]
[EventRounds "13"]
[EventCountry "NED"]
[EventCategory "13"]
[SourceTitle "MCL"]
[Source "ChessBase"]
[SourceDate "1999.07.01"]
[SourceVersion "1"]
[SourceVersionDate "1999.07.01"]
[SourceQuality "1"]

1. d4 Nf6 2. c4 e6 3. Nf3 d5 4. Nc3 Be7 5. Bg5 O-O 6. e3 h6 7. Bxf6 Bxf6 8. Qd2
Nc6 9. O-O-O b6 10. e4 $6 (10. h4) (10. Kb1) 10... dxc4 $1 (10... dxe4 11. Nxe4
Bb7 12. Qe3 $16) 11. Bxc4 Na5 12. Be2 Bb7 13. Qe3 (13. Qf4 $5 Bg5 (13... c5 14.
dxc5 Qc8 15. e5 $14) (13... Qb8 $5) 14. Nxg5 Qxg5 15. Qxg5 hxg5 16. h4 $14 (16.
d5 $5)) 13... c5 $1 14. dxc5 (14. d5 Bxc3 15. Qxc3 exd5 16. exd5 Bxd5 17. Qe5 (
17. Rd2 Qe7 $17) 17... Re8 18. Rxd5 Qc8 $1 $17) (14. e5 Be7 15. dxc5 Qc7 16.
cxb6 axb6 $44) 14... Qc7 15. Nb5 (15. b4 $5 Nc6 16. b5 Ne5 (16... Nb4 17. e5)
17. c6 Ng4 18. Qd2 Bxc3 (18... Bxc6 $6 19. bxc6 Qxc6 20. Nd4 $1) (18... Rad8 $5
) 19. Qxc3 Nxf2 $13) 15... Qxc5+ 16. Qxc5 bxc5 17. e5 $6 (17. Nd6 Rab8 (17...
Bc6 18. Rhe1 {/\ e5 =}) 18. Nxb7 Rxb7 19. e5 $10) 17... Bxf3 $2 (17... Bd8 $15
{/\ Bb6}) 18. Bxf3 Rab8 19. exf6 Rxb5 20. Rd7 $1 (20. fxg7 Rfb8 $17 {|^}) 20...
Rfb8 $6 (20... gxf6 $6 21. Rxa7 Rfb8 22. Rd1 $16) (20... a6 21. fxg7 Rfb8 22.
Bh5 Rxb2 23. Bxf7+ Kxg7 24. Bxe6+ Kg6 (24... Kf6 25. Bb3 $1 $16) 25. Rhd1 $16)
21. Rhd1 $16 Rxb2 (21... gxf6 22. Bh5) 22. Rd8+ Kh7 23. Be4+ g6 24. Rxb8 (24.
R1d7 $2 Rxd8 25. Rxf7+ Kh8 $1 26. Kxb2 Nc4+ 27. Kc2 Nd6 $19) 24... Rxb8 25. Rd7
Kg8 26. Rxa7 Rb4 (26... Nc4 27. Ra8) 27. Rxa5 Rxe4 28. Rxc5 $18 Rf4 29. f3 Rxf6
30. Kb2 $1 e5 (30... Rf4 31. Kb3) 31. Rxe5 Rb6+ 32. Ka1 Kg7 33. a3 Kf6 34. Re2
h5 35. Ka2 h4 36. a4 Rd6 37. Kb3 h3 38. g3 Rd3+ 39. Kb4 Rxf3 40. a5 Rf1 41. Ra2
Rb1+ 42. Ka4 (42. Kc5 Rc1+ 43. Kd5 {>< h3}) 42... Kg5 43. a6 Rb8 44. a7 Ra8 45.
Kb5 Kg4 46. Kb6 f5 47. Kb7 Re8 48. a8=Q Rxa8 49. Kxa8 1-0

[Event "Hoogovens"]
[Site "Wijk aan Zee"]
[Date "1984.01.22"]
[Round "8"]
[White "Kortschnoj, Viktor Lvovich"]
[Black "Miles, Anthony John"]
[Result "1-0"]
[WhiteElo "2635"]
[BlackElo "2565"]
[Annotator "Bulletin"]
[PlyCount "55"]
[EventDate "1984.01.13"]
[EventType "tourn"]
[EventRounds "13"]
[EventCountry "NED"]
[EventCategory "13"]
[SourceTitle "MCL"]
[Source "ChessBase"]
[SourceDate "1999.07.01"]
[SourceVersion "1"]
[SourceVersionDate "1999.07.01"]
[SourceQuality "1"]

1. d4 Nf6 2. c4 e6 3. Nc3 Bb4 4. e3 c5 5. Nge2 cxd4 6. exd4 O-O 7. a3 Be7 8. d5
exd5 9. cxd5 Re8 10. d6 Bf8 11. g3 Qb6 $6 (11... Re6 {Chandler,M}) 12. Bg2 Bxd6
(12... Qxd6 $2 13. Qxd6 Bxd6 14. Nb5 $18) 13. Be3 Qa6 (13... Qxe3 14. fxe3 Be5
15. O-O) (13... Qc7 $145 14. O-O Be5 15. Nb5 Qd8 16. Nd6 $14 {Kortschnoj}) 14.
O-O Be5 15. Nf4 {/\ Ncd5 |^} d5 $1 (15... d6 16. Nfd5 {/\ Nc7} (16. Ncd5 {
Chandler,M})) 16. Ncxd5 Nc6 17. Nxf6+ (17. Nd3 $5 Bg4 $1 18. Nxf6+ Bxf6 19.
Qxg4 Qxd3 20. Rfd1 Qb3 21. Bd5 Qxb2 22. Rab1 Qxa3 23. Rxb7 Ne5 $1 24. Qf5 $13 {
Kortschnoj}) 17... Bxf6 18. Nd5 Be5 19. Qh5 $3 {|^>>} Qa4 {/\ Qg4} (19... Qc4
20. Rac1 Qg4 21. Qxg4 Bxg4 22. b4 $14 {_|_}) (19... Be6 $5) 20. Bf4 $1 Bd7 (
20... Bxf4 $145 21. gxf4 $1 {Chandler}) 21. b3 $1 Qa5 (21... Qxb3 22. Rab1 Qxa3
23. Rxb7 Rad8 (23... Qd6 24. Rd1) 24. Bg5 (24. Be4 $145 g6 25. Qh4) 24... f6
25. Rxd7 $18) (21... Qa6 $5) 22. b4 Qa4 23. Rad1 $16 Bxf4 24. gxf4 Rad8 25. Rd3
Kh8 26. Nc7 $1 Re7 (26... Rf8 27. Rfd1 (27. Be4 $145 g6 28. Qh6 {/\ f5,Nd5})
27... Bc8 28. Bxc6 $18) 27. Qc5 $1 Re2 (27... b6 28. Bxc6 {Chandler,M}) 28.
Rxd7 (28. Rxd7 Rxd7 29. Qf8#) 1-0

[Event "Hoogovens"]
[Site "Wijk aan Zee"]
[Date "1984.01.24"]
[Round "9"]
[White "Nikolic, Predrag"]
[Black "Kortschnoj, Viktor Lvovich"]
[Result "0-1"]
[WhiteElo "2570"]
[BlackElo "2635"]
[Annotator "Bulletin"]
[PlyCount "108"]
[EventDate "1984.01.13"]
[EventType "tourn"]
[EventRounds "13"]
[EventCountry "NED"]
[EventCategory "13"]
[SourceTitle "MCL"]
[Source "ChessBase"]
[SourceDate "1999.07.01"]
[SourceVersion "1"]
[SourceVersionDate "1999.07.01"]
[SourceQuality "1"]

1. d4 Nf6 2. c4 e6 3. Nf3 b6 4. g3 Bb7 5. Bg2 Bb4+ 6. Bd2 c5 $5 7. O-O O-O 8.
d5 $1 Bxd2 9. Qxd2 $6 (9. Nfxd2 $1 $14 {@}) 9... exd5 10. Nh4 Ne4 11. Qc2 Re8
12. Nc3 Nxc3 $2 (12... Nc6 $1 13. Nxd5 (13. cxd5 $2 Nd4 14. Qd3 Nxc3 15. bxc3
Nxe2+ $17) 13... Nb4 (13... Nd4 $6 14. Qd3 Bxd5 15. cxd5 Nxe2+ 16. Qxe2 Nxg3
17. Qg4 (17. Qxe8+ Qxe8 18. hxg3 Qe2 19. b3 Re8 20. Nf5 $14) 17... Nxf1 $13)
14. Qd1 (14. Nxb4 cxb4 15. f3 (15. Nf5 Qg5 16. Ne3 Bc6 $13) 15... Nd6 16. e4
Qc7 $13 {P g5}) 14... Nxd5 15. cxd5 Qf6 16. Qd3 c4 (16... Nd6) (16... Qe5 $10)
17. Qxc4 Nd2 18. Qc7 $13) 13. bxc3 Nc6 14. cxd5 $14 (14. Bxd5 Na5 $10 {<-> c4})
14... Ne5 15. Rfe1 (15. Rae1 d6 16. f4 Nc4 17. e4 b5 18. a4 a6 $14 {<<|^}) (15.
Nf5 $5 d6 16. c4 {P a4-a5 []}) 15... d6 16. f4 Ng6 17. Nxg6 hxg6 18. e4 g5 (
18... Qf6 19. Qd2 $16) 19. e5 $6 (19. Qd2 $5 gxf4 20. gxf4 $14) (19. f5 $5 $14
{@}) 19... gxf4 20. gxf4 dxe5 21. fxe5 (21. Rxe5 Rxe5 22. fxe5 Qg5 23. Qe4 Re8
24. Re1 Qd2 25. c4 b5 26. Qe3 (26. cxb5 Bxd5 $15) (26. Rb1 Qc3 $1 $15) 26...
Qxe3+ (26... Qxa2 27. Qxc5 Qxc4 $10) 27. Rxe3 bxc4 28. Kf2 Kf8 $10 {P d8})
21... Qg5 22. Qe4 Re6 $1 $10 23. Qe3 (23. h4 $5 Qh5 $1 (23... Qe7 $2 24. Rad1
Re8 25. Qf5 Rh6 (25... Rg6 26. e6 $16) 26. d6 Qxh4 27. Bxb7 $18) (23... Qh6 24.
Rf1 $16 {P f5}) 24. Re3 (24. Qe2 Rh6 $17) (24. Bf3 Qh6 $15 {P ae8}) 24... Rae8
25. Rae1 Rh6 $15) 23... Rg6 24. Qxg5 Rxg5 25. c4 $2 (25. Rad1 $1 Rd8 $1 (25...
Re8 $6 26. Re3 $1 Rgxe5 $2 27. Rxe5 Rxe5 28. d6 $18) (25... Ba6 26. d6 $16) 26.
Kf2 (26. Kh1 $2 Re8 $17 {P gxe5}) (26. c4 b5 27. Rb1 b4 $13 (27... Ba6 $5 28.
cxb5 $140 Bb7 $15)) 26... Rf5+ 27. Kg3 Rg5+ $10) 25... Re8 $15 26. Rad1 Bc8 (
26... Ba6 $5 27. Re4 (27. e6 fxe6 28. Rxe6 Rxe6 29. dxe6 Kf8 $15) 27... Rgxe5
28. Rxe5 Rxe5 29. d6 Re8 $15) 27. Rd3 (27. d6 Bd7 28. Rd5 Rg4 29. Re4 (29. Rc1
Be6 30. Kf2 $140 Rxg2+ 31. Kxg2 Bxd5+ 32. cxd5 Rxe5 33. Rd1 Kf8 $19) 29... Rxe4
30. Bxe4 f6 $17 (30... Be6 $17)) 27... Rgxe5 28. Rxe5 Rxe5 29. Ra3 (29. d6 Bd7
30. Ra3 Re6 $17) 29... Re7 30. d6 (30. Kf2 Bf5 $17) 30... Re1+ 31. Kf2 Rd1 32.
Bd5 (32. Rxa7 Be6 $1 $17) 32... Be6 33. Bxe6 fxe6 34. Rxa7 Rxd6 35. Ke3 (35. a4
$1 Rd4 36. Rb7 Rxc4 37. Rxb6 Kf7 38. a5 Rc2+ 39. Kg3 Ra2 40. a6 c4 41. Rc6 c3
42. Rxc3 Rxa6 $15) 35... Rd4 $17 36. Ra6 Rxc4 37. Rxb6 Kf7 38. Rb2 (38. Rc6 Kf6
39. a4 Ke5 $1 (39... Rxa4 40. Rxc5 Rh4 41. Rc2 g5 42. Kf3 $15) 40. a5 Kd5 41.
Rc7 Ra4 42. Rxg7 Rxa5) 38... g5 39. Kd3 Rh4 $6 (39... Rd4+ 40. Kc3 Ke7 41. Rg2
g4 $17 {P d6-d5}) (39... Ra4 40. Kc3 e5 41. Rg2 Kf6 42. Kb3 Rb4+ 43. Kc3 Rh4
$17) 40. Rc2 $15 Kf6 41. Rxc5 Rxh2 42. a4 (42. Ra5 $142) 42... Rh3+ 43. Ke2 $2
(43. Kc4 $1 g4 (43... Ra3 44. Kb4 Ra1 45. Rc8 $10) 44. Rc8 (44. Kb5 $2 g3 45.
Rc1 g2 46. Rg1 Rg3 47. a5 Kf5 48. a6 Kf4 49. a7 Ra3 50. Rxg2 Rxa7 51. Kc4 e5
$19) 44... g3 45. Rg8 Kf5 46. a5 Rh4+ $1 (46... Kf4 47. a6 $2 (47. Rf8+ Ke4 48.
Rg8 Kf3 49. Rf8+ Ke2 50. Rg8 Kf2 51. Rf8+ Kg1 52. a6 Rh7 53. Re8 $10) 47... Rh7
48. Kb5 e5 49. Kb6 e4 50. a7 Rxa7 51. Kxa7 e3 52. Rf8+ Ke4 53. Re8+ Kf3 54.
Rf8+ Kg2 55. Re8 Kf2 56. Rf8+ Ke1 57. Rg8 e2 $19) 47. Kb5 (47. Kd3 $2 Ra4 48.
Ke2 Kf4 $19) 47... Rg4 48. Rxg4 Kxg4 49. a6 g2 50. a7 g1=Q 51. a8=Q Qe3 $15)
43... e5 $19 44. Rc8 Ra3 45. Ra8 Kf5 46. a5 Kf4 47. a6 Ra2+ 48. Kd3 (48. Kd1 e4
49. a7 Ke3 50. Rg8 Rxa7 51. Rxg5 Ra1+ 52. Kc2 Kf3) (48. Ke1 g4 49. a7 Kg3 50.
Kf1 e4 51. Ke1 e3 52. Kf1 e2+ 53. Ke1 Kg2) 48... e4+ 49. Kd4 e3 50. Rf8+ Kg3
51. Kxe3 Rxa6 52. Rf3+ Kg4 53. Rf8 Ra2 54. Rg8 Rg2 0-1

[Event "Hoogovens"]
[Site "Wijk aan Zee"]
[Date "1984.01.29"]
[Round "13"]
[White "Van der Sterren, Paul"]
[Black "Kortschnoj, Viktor Lvovich"]
[Result "0-1"]
[WhiteElo "2475"]
[BlackElo "2635"]
[Annotator "Bulletin"]
[PlyCount "56"]
[EventDate "1984.01.13"]
[EventType "tourn"]
[EventRounds "13"]
[EventCountry "NED"]
[EventCategory "13"]
[SourceTitle "MCL"]
[Source "ChessBase"]
[SourceDate "1999.07.01"]
[SourceVersion "1"]
[SourceVersionDate "1999.07.01"]
[SourceQuality "1"]

1. e4 e6 2. d4 d5 3. Nc3 Nf6 4. Bg5 Be7 5. e5 Nfd7 6. Bxe7 Qxe7 7. f4 O-O 8.
Nf3 c5 9. dxc5 Qxc5 $5 (9... Nc6) (9... f6 $14) 10. Qd2 (10. Qd4 Nc6 11. Qxc5
Nxc5 12. O-O-O $10) 10... Nb6 11. Nb5 (11. Qd4 $5) 11... Nc6 12. c3 f6 $1 13.
exf6 Rxf6 14. Bd3 (14. O-O-O $2 Nc4 $1) 14... Nc4 15. Bxc4 Qxc4 16. Nbd4 Bd7
17. b3 (17. Ne5 Nxe5 18. fxe5 Rf7 19. Qe2 Raf8 (19... Qxe2+ $6 20. Kxe2 Rf4 21.
Rae1 Raf8 22. Kd2 $14) 20. Qxc4 dxc4 21. O-O-O Rf2 $15 {Kortschnoj}) 17... Qa6
18. O-O-O $2 (18. g3 Be8 19. O-O-O Bg6 $10) 18... Nxd4 19. Nxd4 (19. cxd4 Rxf4
$1 20. Qxf4 $140 $2 Qxa2 21. Rdf1 Bb5 $19 {Kortschnoj}) 19... Raf8 20. g3 $6 (
20. Ne2 $1 e5 $5 21. Qxd5+ Be6 $17 {~/=}) 20... e5 $1 21. Ne2 $6 (21. Nf3 exf4
$17) 21... d4 $1 22. cxd4 (22. c4 Bg4 $1) 22... Bg4 23. Rde1 (23. Rhe1 exf4 24.
gxf4 Re6 $19) 23... Rc6+ 24. Kb2 Rfc8 25. Nc1 Bf5 26. Qb4 (26. Ka1 Rc2 27. Qb4
exd4 28. Qa4 (28. Qxd4 Qa3 $1 $19) 28... d3 $1 29. Qxa6 (29. Re8+ Kf7 30. Rxc8
Qf6+ $19) 29... bxa6 30. Rd1 d2 31. Ne2 Bg4 $19 {Kortschnoj}) 26... Rb6 27. Qe7
Qa5 $1 28. a4 Qxa4 {P c2+, xd4+ -+} 0-1

[Event "London Phillips&Drew"]
[Site "London"]
[Date "1984.05.08"]
[Round "11"]
[White "Kortschnoj, Viktor Lvovich"]
[Black "Chandler, Murray G"]
[Result "1-0"]
[WhiteElo "2635"]
[BlackElo "2515"]
[PlyCount "123"]
[EventDate "1984.04.26"]
[EventType "tourn"]
[EventRounds "13"]
[EventCountry "ENG"]
[EventCategory "14"]
[SourceTitle "MCL"]
[Source "ChessBase"]
[SourceDate "1999.07.01"]
[SourceVersion "1"]
[SourceVersionDate "1999.07.01"]
[SourceQuality "1"]

1. d4 d5 2. c4 e6 3. Nf3 c5 4. cxd5 exd5 5. Bg5 Be7 6. Bxe7 Nxe7 7. dxc5 Qa5+
8. Nc3 Nbc6 9. e3 Qxc5 10. Be2 O-O 11. O-O Be6 12. Qa4 Qb6 13. Qa3 Nf5 14. Na4
Qa5 15. Rfd1 Rac8 16. Ng5 d4 17. Nxe6 fxe6 18. e4 Nh4 19. Nc5 Qxa3 20. bxa3 Rf6
21. Rac1 Rcf8 22. Nd3 e5 23. Rb1 b6 24. Rdc1 Rg6 25. Kh1 Rff6 26. Bf1 Rd6 27.
Rb5 Rge6 28. g3 Ng6 29. Bh3 Re8 30. Rd5 Rxd5 31. exd5 Nd8 32. Re1 Nf7 33. Be6
Kf8 34. Kg2 Nd6 35. Nxe5 Nxe5 36. Rxe5 Re7 37. Rh5 d3 38. Rh4 Nb5 39. Kf3 Nc7
40. Rxh7 Nxe6 41. dxe6 Rxe6 42. Rh8+ Ke7 43. Rh4 Rd6 44. Re4+ Kd7 45. Re1 Kc6
46. Rb1 g5 47. h3 Kc5 48. Ke3 a5 49. h4 gxh4 50. gxh4 d2 51. Rd1 Rh6 52. Rxd2
Rxh4 53. f4 Rh3+ 54. Ke4 Rxa3 55. f5 Rh3 56. f6 Rh8 57. Rf2 b5 58. f7 Rf8 59.
Ke5 a4 60. Rf4 b4 61. Kf6 Rb8 62. a3 1-0